| 000 | 00556nam a22001817a 4500 | ||
|---|---|---|---|
| 003 | URS | ||
| 005 | 20220114171607.0 | ||
| 008 | 170324b xxu||||| |||| 00| 0 eng d | ||
| 020 | _a0534919839 | ||
| 050 |
_aHF5721 _bH5 1990 |
||
| 100 |
_aHimstreet, William C. _4author |
||
| 245 |
_aBusiness communication: _bprinciples and methods _cWilliam C. Himstreet, Wayne Murlin Bay, Author |
||
| 250 | _aNinth Edition | ||
| 260 |
_aBoston _bPWS-Kent Publishing _c1990 |
||
| 300 |
_axvi, 768 pages; _c24 cm. |
||
| 700 |
_4author _aBay, Wayne Murlin |
||
| 942 |
_cFR _2lcc |
||
| 999 |
_c14240 _d14240 |
||